书目信息 |
| 题名: |
工程应用结构力学
|
|
| 作者: | 阮澍铭 , 于玲玲 编著 | |
| 分册: | ||
| 出版信息: | 北京 中国建材工业出版社 2004.08 |
|
| 页数: | 108页 | |
| 开本: | 26cm | |
| 丛书名: | ||
| 单 册: | ||
| 中图分类: | TU311 | |
| 科图分类: | ||
| 主题词: | 工程结构--gong cheng jie gou--结构力学 | |
| 电子资源: | ||
| ISBN: | 7-80159-731-1 | |
| 000 | 00885nam0 2200229 450 | |
| 001 | 0157210658 | |
| 005 | 20050505154802.87 | |
| 010 | @a7-80159-731-1@d12.00CNY | |
| 100 | @a20041224d2004 km y0chiy0120 ea | |
| 101 | 0 | @achi |
| 102 | @aCN@b110000 | |
| 105 | @aa z 000yy | |
| 200 | 1 | @a工程应用结构力学@Agong cheng ying yong jie gou li xue@f阮澍铭, 于玲玲编著@Fruan shu ming,yu ling ling bian zhu |
| 210 | @a北京@c中国建材工业出版社@d2004.08 | |
| 215 | @a108页@c图@d26cm | |
| 330 | @a本书内容包括结构计算简图的简化与荷载的计算、常规结构的计算、加固与改造及工程事故分析中的结构力学问题,特殊结构的计算,结构的极限荷载与塑性原理,挤压强度不同材料结构的极限分析。 | |
| 606 | 0 | @a工程结构@Agong cheng jie gou@x结构力学 |
| 690 | @aTU311@v4 | |
| 701 | 0 | @a阮澍铭@Aruan shu ming@4编著 |
| 701 | 0 | @a于玲玲@Ayu ling ling@4编著 |
| 801 | 0 | @aCN@bQSSK@c20050505 |
| 905 | @a10447@dTU311@eR884 | |
| 工程应用结构力学/阮澍铭, 于玲玲编著.-北京:中国建材工业出版社,2004.08 |
| 108页:图;26cm |
| ISBN 7-80159-731-1:12.00CNY |
| 本书内容包括结构计算简图的简化与荷载的计算、常规结构的计算、加固与改造及工程事故分析中的结构力学问题,特殊结构的计算,结构的极限荷载与塑性原理,挤压强度不同材料结构的极限分析。 |
| ● |
| 相关链接 |
|
|
|
正题名:工程应用结构力学
索取号:TU311/R884
 
预约/预借
| 序号 | 登录号 | 条形码 | 馆藏地/架位号 | 状态 | 备注 |
| 1 | 499595 | 204995951 | 建筑库101/101建筑库 77排4列4层/ [索取号:TU311/R884] | 在馆 | |
| 2 | 499596 | 204995960 | 建筑库101/101建筑库 77排4列4层/ [索取号:TU311/R884] | 在馆 | |
| 3 | 499597 | 204995979 | 建筑库101/101建筑库 77排4列4层/ [索取号:TU311/R884] | 在馆 |